| 000 | 00563nam a2200181 i 4500 | ||
|---|---|---|---|
| 001 | 99228 | ||
| 003 | ES-MaACL | ||
| 005 | 20230906182449.0 | ||
| 007 | t| | ||
| 008 | 050906s1973 fr ||||1| spa d | ||
| 100 | 1 |
_aMartín, Miguel. _977356 |
|
| 245 | 1 | 3 |
_aEl colonialismo español en Marruecos (1860-1956) / _cMiguel Martín. |
| 260 |
_aParis : _bRuedo Ibérico, _c1973. |
||
| 300 |
_a263 p. ; _c18 cm. |
||
| 651 | 4 |
_aMarruecos- _xHistoria- _y1912-1956, Protectorado español. _99029 |
|
| 710 | 2 |
_aÉditions Ruedo ibérico. _9145333 |
|
| 852 |
_aES-MaACL _jL-3235 |
||
| 999 |
_c99228 _d99228 |
||